书目信息 |
| 题名: |
展示艺术设计
|
|
| 作者: | 林福厚 , 马卫星 著 | |
| 分册: | ||
| 出版信息: | 北京 北京理工大学出版社 2006 |
|
| 页数: | 210页 | |
| 开本: | 29cm | |
| 丛书名: | ||
| 单 册: | ||
| 中图分类: | G265 | |
| 科图分类: | ||
| 主题词: | 展览会--设计--教材 , 橱窗布置--设计--教材 , 展览会 , 橱窗布置 , 博物馆学 , 博物馆事业 | |
| 电子资源: | ||
| ISBN: | 7-5640-0676-5 | |
| 000 | 00906nam0 2200301 450 | |
| 001 | 1160368682 | |
| 005 | 20111005164724.81 | |
| 010 | @a7-5640-0676-5@dCNY30.00 | |
| 100 | @a20060104d2006 em y0chiy50 ea | |
| 101 | 0 | @achi |
| 102 | @aCN@b110000 | |
| 105 | @aa z 000yy | |
| 200 | 1 | @a展示艺术设计@Azhan shi yi shu she ji@f林福厚,马卫星著 |
| 210 | @a北京@c北京理工大学出版社@d2006 | |
| 215 | @a210页@c图@d29cm | |
| 300 | @a工业设计系列规划教材 | |
| 330 | @a本书介绍了展示艺术的空间与摊位设计、展示设计人体工程学、总体美术设计与各单项美术设计等内容。 | |
| 606 | 0 | @a展览会@x设计@j教材 |
| 606 | 0 | @a橱窗布置@x设计@j教材 |
| 606 | 0 | @a展览会 |
| 606 | 0 | @a橱窗布置 |
| 606 | 0 | @a博物馆学 |
| 606 | 0 | @a博物馆事业 |
| 690 | @aG265@v4 | |
| 701 | 0 | @a林福厚@Alin fu hou@f(1936~)@4著 |
| 701 | 0 | @a马卫星@Ama wei xing@f(1957~)@4著 |
| 801 | 0 | @aCN@bNLC@c20101222 |
| 905 | @a10447@dG265@eJY63 | |
| 展示艺术设计/林福厚,马卫星著.-北京:北京理工大学出版社,2006 |
| 210页:图;29cm |
| 工业设计系列规划教材 |
| ISBN 7-5640-0676-5:CNY30.00 |
| 本书介绍了展示艺术的空间与摊位设计、展示设计人体工程学、总体美术设计与各单项美术设计等内容。 |
| ● |
| 相关链接 |
|
|
|
|
正题名:展示艺术设计
索取号:G265/JY63
 
预约/预借
| 序号 | 登录号 | 条形码 | 馆藏地/架位号 | 状态 | 备注 |
| 1 | 7814707 | 278147079 | 学院路分馆/ [索取号:G265/JY63] | 在馆 | |
| 2 | 7814708 | 278147088 | 学院路分馆/ [索取号:G265/JY63] | 在馆 |